Mist propagation of cuttings. (Record no. 19664)

MARC details
000 -LEADER
fixed length control field 00314nam a2200121Ia 4500
082 ## - DEWEY DECIMAL CLASSIFICATION NUMBER
Classification number 631.535:632.982.2
Item number ROW
100 ## - MAIN ENTRY--AUTHOR NAME
Personal name ROWE-DUTTON, Patricia
245 #0 - TITLE STATEMENT
Title Mist propagation of cuttings.
260 ## - PUBLICATION, DISTRIBUTION, ETC. (IMPRINT)
Place of publication U K
Name of publisher CAB
Year of publication 1959
650 ## - SUBJECT ADDED ENTRY--TOPICAL TERM
Topical Term Mist propagation
942 ## - ADDED ENTRY ELEMENTS (KOHA)
Koha item type Books
Holdings
Withdrawn status Lost status Damaged status Not for loan Home library Current library Date acquired Full call number Accession Number Koha item type
        RRII Library RRII Library 16/12/2021 631.535:632.982.2 ROW 00397 Books